|
|
|
|
| LEADER |
01494nam a22003612i 4500 |
| 001 |
000064321 |
| 003 |
CZ BrMZK |
| 005 |
20150724142049.0 |
| 007 |
ta |
| 008 |
950407s1954 xr aef f cze d |
| 015 |
|
|
|a cnb000679221
|
| 020 |
|
|
|q (Váz.)
|
| 035 |
|
|
|a (OCoLC)85439553
|
| 040 |
|
|
|a ABA001
|b cze
|c CBA001
|d ABA001
|d BOA001
|e rda
|
| 100 |
1 |
|
|a Engelmüller, Ferdinand,
|d 1867-1924
|7 jk01030486
|4 aut
|
| 245 |
1 |
0 |
|a Cesty k malířskému umění /
|c Ferdinand Engelmüller
|
| 250 |
|
|
|a 4., přepracované vydání
|
| 264 |
|
1 |
|a Praha :
|b Orbis,
|c 1954
|
| 300 |
|
|
|a 208 stran, [28] stran obrazových příloh :
|b ilustrace, plány ;
|c 8°
|
| 336 |
|
|
|a text
|b txt
|2 rdacontent
|
| 337 |
|
|
|a bez média
|b n
|2 rdamedia
|
| 338 |
|
|
|a svazek
|b nc
|2 rdacarrier
|
| 490 |
1 |
|
|a Osvětové a propagační edice
|
| 490 |
1 |
|
|a Knihovna lidové umělecké výroby a řemesla
|
| 500 |
|
|
|a 3300 výtisků
|
| 830 |
|
0 |
|a Osvětové a propagační edice
|0 s
|
| 830 |
|
0 |
|a Knihovna lidové umělecké výroby a řemesla
|0 s
|
| 910 |
|
|
|a BOA001
|b PK-0009.155
|b 2-0333.330
|
| 990 |
|
|
|a BK
|
| 996 |
7 |
|
|b 2618993277
|c 2-0333.330
|l MZK
|r Sklad / do 24 hodin
|n 0
|w 000064321
|u 000050
|a 1
|e BOA001
|j MZK50
|s A
|
| 996 |
6 |
|
|b 2619784072
|c 2-0333.330
|l MZK
|r Sklad / do 24 hodin
|n 3
|w 000064321
|u 000040
|a 1
|e BOA001
|j MZK50
|s P
|
| 996 |
7 |
|
|b 2619942393
|c 2-0333.330
|l MZK
|r Sklad / do 24 hodin
|n 8
|w 000064321
|u 000030
|a 1
|e BOA001
|j MZK50
|s A
|
| 996 |
7 |
|
|b 3119971171
|c PK-0009.155
|l MZK
|r Sklad / do 1 hodiny
|n 3
|w 000064321
|u 000010
|a 1
|e BOA001
|j MZK50
|s A
|